000
00323nam a2200145Ia 4500
008
100415s9999 xx 000 0 und d
082
_b
3202
_a
500
100
_a
Haslett AW (ed.)
245
_a
Science News 22
260
_c
0
365
_b
0
630
_a
Science News 22
730
_a
Science News 22
942
_c
BOOK
999
_c
586191
_d
586188